| 000 | 00446nam a2200157Ia 4500 | ||
|---|---|---|---|
| 005 | 20250623022933.0 | ||
| 008 | 240331s9999 xx 000 0 und d | ||
| 020 | _a9559056107 | ||
| 082 |
_bSAM _a323 |
||
| 100 | _amanawa ayithiwasikam | ||
| 245 | 0 | _aSamaja gatum saha gatum nirakaranaya | |
| 260 |
_aColombo _bHuman Rights Education Centre _c1997 |
||
| 300 | _a90 p ., | ||
| 500 | _aA Book on social conflict and Conflict Resolution | ||
| 942 | _cL | ||
| 999 |
_c2485 _d2485 |
||